Conceptos y medición de la pobreza: la necesidad de ampliar la mirada /

El artículo sostiene que, en el estudio de la pobreza, situarse desde el principio en el "eje del nivel de vida", como lo hacen casi todos los autores, impide la adecuada identificación de los "elementos constituidos" de este eje. Como opción se plantea ampliar la perspectiva, pa...

وصف كامل

محفوظ في:
التفاصيل البيبلوغرافية
المؤلف الرئيسي: Boltvinik, Julio
التنسيق: نص
الموضوعات:
الوسوم: إضافة وسم
لا توجد وسوم, كن أول من يضع وسما على هذه التسجيلة!

MARC

LEADER 00000 a a2200000 04500
001 11751
003
040
100 |a Boltvinik, Julio  
245 |a Conceptos y medición de la pobreza:   |b la necesidad de ampliar la mirada /  |c Julio Boltvinik 
520 |a El artículo sostiene que, en el estudio de la pobreza, situarse desde el principio en el "eje del nivel de vida", como lo hacen casi todos los autores, impide la adecuada identificación de los "elementos constituidos" de este eje. Como opción se plantea ampliar la perspectiva, partir del "eje del florecimiento humano" (donde el ser humano se encuentra completo) y "recortar" su contenido para rribar al del eje del nivel de vida. La ientificación de los pobres es una operación de corte (la definición del umbral) en el eje del nivel de vida, en el cual sólo se consideran los elementos económicos de las necesidades y capacidades humanas. Estos son los temas que se desarrollan en la primera parte de este ensayo   |a mientras en la segunda se presenta un esquema preliminar de los elementos determinantes del florecimiento humano  
650 |a POBREZA  
650 |a MEDICION  
650 |a NECESIDADES BASICAS  
650 |a CONDICIONES DE VIDA  
773 |g volumen 9, número 38; páginas 9-25  
999 |c 22086  |d 22086